[Event "Niederbayernliga 1516"]
[Site "Bayern"]
[Date "2016.01.17"]
[Round "5.6"]
[White "Reidl, Fabian"]
[Black "Benicke, Bernd"]
[Result "0-1"]
[WhiteElo "1545"]
[BlackElo "1698"]
[PlyCount "134"]
[EventDate "2015.10.11"]
[EventType "team-tourn"]
[EventRounds "9"]
[EventCountry "GER"]
[SourceTitle "EXT 2023"]
[Source "ChessBase"]
[SourceDate "2022.10.05"]
[SourceVersion "1"]
[SourceVersionDate "2022.10.05"]
[SourceQuality "1"]
[WhiteTeam "Landau Dingolfing II"]
[BlackTeam "Bayerwald Regen"]
[WhiteTeamCountry "GER"]
[BlackTeamCountry "GER"]

1. d4 Nf6 2. c4 g6 3. Nf3 Bg7 4. Nc3 d5 5. cxd5 Nxd5 6. e4 Nxc3 7. bxc3 c5 8. Bb2 0-0 9. h3 Nc6 10. Qd2 cxd4 11. cxd4 e6 12. Bc4 Na5 13. Bb3 Nxb3 14. axb3 b6 15. 0-0 Bb7 16. Rfe1 Qd7 17. Qd3 Rfd8 18. Red1 a6 19. g4 b5 20. Bc3 Qc6 21. Re1 Rac8 22. Rac1 Qd6 23. Qd2 Qd7 24. Ba5 Rxc1 25. Qxc1 Rc8 26. Qd2 Rc6 27. Bb4 Rc8 28. Bc5 e5 29. Qe3 exd4 30. Bxd4 Bxd4 31. Nxd4 Rd8 32. Rd1 Qe7 33. f3 Qh4 34. Kh2 Qe7 35. Rc1 Qd6+ 36. Kg2 Qxd4 37. Qxd4 Rxd4 38. Rc7 Bxe4 39. fxe4 Rxe4 40. Rc6 Re6 41. Rc5 Kf8 42. Kf3 Ke7 43. Rc7+ Kf6 44. Rc5 g5 45. b4 h6 46. Rd5 Ke7 47. Rc5 Kd6 48. Rf5 f6 49. Rc5 Kd7 50. Rd5+ Kc6 51. Rc5+ Kb6 52. Rc8 Rc6 53. Rh8 Rc4 54. Rxh6 Rf4+ 55. Kg3 a5 56. bxa5+ Kxa5 57. h4 b4 58. h5 b3 59. Rh8 b2 60. Ra8+ Kb4 61. h6 Kc3 62. Rc8+ Rc4 63. Rxc4+ Kxc4 64. h7 b1Q 65. h8Q Qg1+ 66. Kf3 Qf1+ 67. Ke4 Qf4# 0-1

[Event "Niederbayernliga 1516"]
[Site "Bayern"]
[Date "2015.12.13"]
[Round "4.7"]
[White "Reidl, Fabian"]
[Black "Hartmann, Erwin"]
[Result "0-1"]
[WhiteElo "1545"]
[BlackElo "1727"]
[PlyCount "108"]
[EventDate "2015.10.11"]
[EventType "team-tourn"]
[EventRounds "9"]
[EventCountry "GER"]
[SourceTitle "EXT 2023"]
[Source "ChessBase"]
[SourceDate "2022.10.05"]
[SourceVersion "1"]
[SourceVersionDate "2022.10.05"]
[SourceQuality "1"]
[WhiteTeam "Landau Dingolfing II"]
[BlackTeam "Grafenau"]
[WhiteTeamCountry "GER"]
[BlackTeamCountry "GER"]

1. d4 Nf6 2. c4 e6 3. Nc3 Bb4 4. Qc2 c5 5. dxc5 Bxc5 6. Bg5 Bxf2+ 7. Kxf2 Ng4+ 8. Ke1 Qxg5 9. Nf3 Qa5 10. a3 Nc6 11. h3 Nf6 12. e3 d5 13. Kf2 0-0 14. Bd3 dxc4 15. Bxc4 a6 16. Bd3 Bd7 17. b4 Qc7 18. Rhd1 Rfd8 19. Rd2 Rac8 20. Rc1 Ne5 21. Qd1 Nxd3+ 22. Rxd3 Bc6 23. Nd4 Bd7 24. Nf3 Qb8 25. Rc2 Bc6 26. Rcd2 Rxd3 27. Rxd3 Bxf3 28. Kxf3 h6 29. Qd2 Qe5 30. Rd8+ Rxd8 31. Qxd8+ Kh7 32. Qd3+ g6 33. g3 Nh5 34. Ne2 Qc7 35. g4 Nf6 36. Qc3 Qxc3 37. Nxc3 Kg7 38. Na4 Nd7 39. Ke4 Kf6 40. Kd4 Ke7 41. Nc5 Nxc5 42. Kxc5 f5 43. Kb6 e5 44. Kxb7 f4 45. exf4 exf4 46. Kxa6 f3 47. b5 f2 48. b6 f1Q+ 49. Ka7 Qb5 50. b7 Qa5+ 51. Kb8 Kd6 52. h4 Kd7 53. a4 Kc6 54. g5 h5 0-1